LEADER 01342nam a2200289 i 4500 001 000000021318 003 CaOOAMICUS 005 20250902113902.0 008 180830s19691983xxk u000 u mul u 040 $aSeMil$bita 100 1 $aAthenaeus : Naucratita,$d.$0(OLS)http://semarc/name/9195 245 14$aThe deipnosophists /$cAthenaeus ; with an english translation by Charles Burton Gulick. 264 1$aCambridge, Massachusetts :$bHarvard University Press ;$aLondon :$bHeinemann,$c1969-1983. 300 $a7 v. ;$c17 cm. 546 $aTesto in inglese e greco 700 1 $aGulick, Charles Burton,$d<1868-1962>.$0(OLS)http://semarc/name/8977 774 0 $tVol. 1.$kLoeb Classical Library$w()179445 774 0 $tVol. 2.$kLoeb Classical Library$w()179448 774 0 $tVol. 3.$kLoeb Classical Library$w()179489 774 0 $tVol. 4.$kLoeb Classical Library$w()179499 774 0 $tVol. 5.$kLoeb Classical Library$w()179641 774 0 $tVol. 6.$kLoeb Classical Library$w()179686 774 0 $tVol. 7.$kLoeb Classical Library$w()179703 996 $6245$aThe deipnosophists$9(OLS)http://semarc/title/28212 996 $6264$aCambridge, Massachusetts :$bHarvard University Press$9(OLS)http://semarc/publisher/30206 996 $6264$aLondon :$bHeinemann$9(OLS)http://semarc/publisher/58753 LEADER 01193nam a2200289 i 4500 001 000000107735 003 CaOOAMICUS 005 20180207000000.0 008 180207s1990 it u000 u ita u 013 $a80193 020 $a88-211-6274-5 040 $aSeMil$bita 100 1 $aMontesquieu, Charles de Secondat,$c.$0(OLS)http://semarc/name/3038 240 10$aEssai sur le goût ; Mes pensées.$0(OLS)http://semarc/title/407172 245 10$aSul gusto /$cCharles-Louis Montesquieu ; prefazione di Guido Morpurgo Tagliabue. 260 $aGenova :$bMarietti,$c1990. 300 $aXXVI, 114 p. ;$c18 cm. 490 0 $aI rombi ;$v3 650 4$aGusto - Estetica.$0(OLS)http://semarc/subject/10503 700 1 $aMorpurgo Tagliabue, Guido.$0(OLS)http://semarc/name/29813 830 2$aI rombi ;$v3.$0(OLS)http://semarc/title/10234 850 $aSeMil 852 $aSeMil$W1$xVenegono$y1$m2P I 628$j63831$B63831$CSeMilBibl$Z2$F221006 $81 961 $aOmaggio: Altro 996 $6020$a88-211-6274-5$9(OLS)http://semarc/number/272810 996 $6245$aSul gusto$9(OLS)http://semarc/title/407171 996 $6260$aGenova :$bMarietti$9(OLS)http://semarc/publisher/29997